[Event "Titled Tuesday intern op 13th Feb Early"]
[Site "Chess.com INT"]
[Date "2024.02.13"]
[Round "3"]
[White "Can, Melih Kaan"]
[Black "Maksimenko, Viktor"]
[Result "0-1"]
[WhiteElo "2141"]
[BlackElo "2148"]
[PlyCount "98"]
[EventDate "2024.02.13"]
[EventType "swiss (blitz)"]
[EventRounds "11"]
[EventCountry "USA"]
[SourceTitle "CB08_2024"]
[SourceDate "2024.02.21"]
[SourceVersion "1"]
[SourceVersionDate "2024.02.21"]
[SourceQuality "1"]

1. e4 c5 2. Nc3 d6 3. g3 Nc6 4. Bg2 g6 5. d3 Bg7 6. f4 h5 7. Nf3 Rb8 8. a4 a6 9. Be3 Nd4 10. e5 Nxf3+ 11. Qxf3 Nh6 12. h3 Nf5 13. Bf2 0-0 14. exd6 exd6 15. 0-0 Bd7 16. Rab1 Bc6 17. Qd1 Bxg2 18. Kxg2 b5 19. axb5 axb5 20. Ne4 c4 21. dxc4 bxc4 22. c3 Re8 23. Qd5 Qd7 24. Rfe1 Rb5 25. Qxc4 d5 26. Qd3 Rd8 27. Nd2 Qb7 28. Kh2 Rxb2 29. Rxb2 Qxb2 30. Rb1 Qxc3 31. Qxc3 Bxc3 32. Nf3 d4 33. Rd1 d3 34. Bb6 Rd6 35. Bc7 Rd5 36. Be5 Ne3 37. Rb1 Bxe5 38. fxe5 d2 39. Rb8+ Kg7 40. Nxd2 Rxd2+ 41. Kh1 Nf5 42. g4 hxg4 43. hxg4 Ne3 44. Rb3 Nxg4 45. e6 fxe6 46. Rg3 Nf2+ 47. Kg1 Ne4 48. Re3 Ng5 49. Re5 Nf3+ 0-1

[Event "Titled Tuesday intern op 06th Feb Early"]
[Site "Chess.com INT"]
[Date "2024.02.06"]
[Round "1"]
[White "Samant, Aditya S"]
[Black "Can, Melih Kaan"]
[Result "1-0"]
[WhiteElo "2512"]
[BlackElo "2141"]
[PlyCount "73"]
[EventDate "2024.02.06"]
[EventType "swiss (blitz)"]
[EventRounds "11"]
[EventCountry "USA"]
[SourceTitle "CB07_2024"]
[SourceDate "2024.02.14"]
[SourceVersion "1"]
[SourceVersionDate "2024.02.14"]
[SourceQuality "1"]

1. c4 e5 2. Nc3 Nf6 3. g3 c6 4. Bg2 d5 5. cxd5 cxd5 6. d3 Nc6 7. Nf3 Bb4 8. 0-0 0-0 9. Bg5 Bxc3 10. bxc3 h6 11. Bxf6 Qxf6 12. Nd2 Be6 13. Rb1 Rab8 14. Qa4 Rfc8 15. Rfc1 a6 16. Qa3 b5 17. Qxa6 Ra8 18. Qxb5 Rxa2 19. Rb2 Rxb2 20. Qxb2 Rb8 21. Qc2 Rc8 22. Qa4 Qg5 23. Rd1 Ne7 24. Qb4 Nc6 25. Qd6 Ne7 26. Nf3 Qf6 27. Qxe5 Qxe5 28. Nxe5 Rxc3 29. Ra1 f6 30. Nf3 Rc2 31. Nd4 Rd2 32. Nxe6 Rxe2 33. Nf4 Re5 34. d4 Rf5 35. Ra8+ Kf7 36. Bh3 Rg5 37. Be6# 1-0

[Event "Titled Tuesday intern op 19th Dec Early"]
[Site "Chess.com INT"]
[Date "2023.12.19"]
[Round "2"]
[White "Yuan, Qingyu"]
[Black "Can, Melih Kaan"]
[Result "1-0"]
[WhiteElo "2360"]
[BlackElo "2141"]
[PlyCount "81"]
[EventDate "2023.12.19"]
[EventType "swiss (blitz)"]
[EventRounds "11"]
[EventCountry "USA"]
[SourceTitle "CB52_2023"]
[SourceDate "2023.12.27"]
[SourceVersion "1"]
[SourceVersionDate "2023.12.27"]
[SourceQuality "1"]

1. e4 c5 2. Nc3 d6 3. Nf3 Nc6 4. d4 cxd4 5. Nxd4 g6 6. Bb5 Bd7 7. 0-0 Bg7 8. Be3 Nf6 9. h3 0-0 10. a4 a6 11. Bd3 Rc8 12. Qd2 Qc7 13. Rfc1 Rfd8 14. Nce2 Ne5 15. c4 Nxd3 16. Qxd3 Bc6 17. Nc3 Nd7 18. b3 Nc5 19. Qc2 a5 20. Rd1 Qb6 21. Rab1 Qc7 22. f3 Na6 23. Qf2 Nb4 24. Qh4 e5 25. Ndb5 Bxb5 26. Nxb5 Qb8 27. Bg5 Rd7 28. Rd2 Nc6 29. Be3 Nd4 30. Nxd4 exd4 31. Rxd4 Bxd4 32. Bxd4 f5 33. Qf6 Rf8 34. Qh8+ Kf7 35. Qxh7+ Ke8 36. Qxg6+ Rdf7 37. exf5 Kd7 38. Qe6+ Kc7 39. c5 dxc5 40. Be5+ Kd8 41. Rd1+ 1-0

[Event "Umraniye White Elephant 32nd"]
[Site "Umraniye"]
[Date "2023.10.29"]
[Round "6"]
[White "Demirtas, Alper"]
[Black "Can, Melih Kaan"]
[Result "0-1"]
[WhiteElo "2060"]
[BlackElo "2136"]
[PlyCount "122"]
[EventDate "2023.10.25"]
[EventType "swiss"]
[EventRounds "7"]
[EventCountry "TUR"]
[SourceTitle "Mega2024 Update 01"]
[Source "Chessbase"]
[SourceDate "2023.11.12"]
[SourceVersion "1"]
[SourceVersionDate "2023.11.12"]
[SourceQuality "1"]

1. Nf3 Nf6 2. c4 e6 3. g3 d5 4. d4 Bb4+ 5. Bd2 Be7 6. Bg2 c6 7. Qc2 b6 8. Bf4 0-0 9. 0-0 a5 10. Nbd2 Ba6 11. Rac1 Nbd7 12. e4 Rc8 13. Rfe1 dxc4 14. Nxc4 c5 15. Nd6 Bxd6 16. Bxd6 cxd4 17. Qb1 Rxc1 18. Rxc1 e5 19. Bxf8 Qxf8 20. Ne1 g6 21. Bf1 Bb7 22. f3 Qd6 23. Qc2 Nc5 24. Nd3 Nfd7 25. Nf2 h5 26. Bb5 Nf8 27. a3 Qf6 28. Kg2 h4 29. b4 axb4 30. axb4 Nce6 31. Ra1 Qg5 32. Nh3 Nf4+ 33. Nxf4 exf4 34. Bc4 fxg3 35. h3 Bc8 36. Qc1 Qxc1 37. Rxc1 Be6 38. f4 Bxc4 39. Rxc4 Ne6 40. Kf3 d3 41. Rc1 Nd4+ 42. Kg2 Nc2 43. Kf3 Nd4+ 44. Kg2 f5 45. e5 Nc2 46. Kf3 Nxb4 47. Ke3 Nd5+ 48. Kxd3 Nxf4+ 49. Ke3 Nxh3 50. Kf3 g5 51. Rc6 g4+ 52. Kg2 Nf4+ 53. Kg1 Ne2+ 54. Kf1 h3 55. Kxe2 h2 56. Rc8+ Kg7 57. Rc7+ Kg6 58. e6 h1Q 59. e7 Qe4+ 60. Kd2 Kf7 61. Ra7 Qxe7 0-1

[Event "Umraniye White Elephant 32nd"]
[Site "Umraniye"]
[Date "2023.10.27"]
[Round "3"]
[White "Can, Melih Kaan"]
[Black "Ozsakallioglu, Okan"]
[Result "0-1"]
[WhiteElo "2136"]
[BlackElo "2228"]
[PlyCount "134"]
[EventDate "2023.10.25"]
[EventType "swiss"]
[EventRounds "7"]
[EventCountry "TUR"]
[SourceTitle "Mega2024 Update 01"]
[Source "Chessbase"]
[SourceDate "2023.11.12"]
[SourceVersion "1"]
[SourceVersionDate "2023.11.12"]
[SourceQuality "1"]

1. d4 d5 2. Nf3 Nf6 3. g3 Bf5 4. Bg2 e6 5. Nh4 Be4 6. f3 Bg6 7. Nxg6 hxg6 8. e4 c5 9. c3 Nc6 10. Be3 Qb6 11. Qe2 cxd4 12. cxd4 Nxd4 13. Bxd4 Qxd4 14. Nc3 Bb4 15. Qb5+ Nd7 16. Rd1 Bxc3+ 17. bxc3 Qxc3+ 18. Rd2 Qc6 19. Qb2 0-0 20. exd5 exd5 21. 0-0 Qb6+ 22. Qd4 Rac8 23. f4 Rfd8 24. Re1 Kf8 25. a4 Qxd4+ 26. Rxd4 Nf6 27. Bf3 Rc5 28. Kf2 b6 29. g4 Ne8 30. Red1 Nc7 31. h4 Ne6 32. Rxd5 Rcxd5 33. Rxd5 Rxd5 34. Bxd5 Nxf4 35. Bc4 Ke7 36. g5 Ne6 37. Ke3 Kd6 38. Bb5 f6 39. gxf6 gxf6 40. Be8 Nf8 41. Kf4 Ke7 42. Bc6 Ne6+ 43. Ke4 Ng7 44. Kf4 Nf5 45. Kg4 Nd4 46. Bd5 Ne6 47. Bc6 f5+ 48. Kg3 Kf6 49. Be8 g5 50. hxg5+ Kxg5 51. Kf3 Kf6 52. Ke3 Ke5 53. Kd3 f4 54. Kc4 f3 55. Bc6 f2 56. Bg2 Nc7 57. Kd3 Nd5 58. Bf1 Kf4 59. Kd4 Ne3 60. Be2 f1Q 61. Bxf1 Nxf1 62. Kc4 Ke5 63. Kb5 Kd6 64. Ka6 Kc5 65. Kxa7 Ne3 66. Kb7 Nc4 67. Ka6 Kb4 0-1

[Event "Titled Tuesday intern op 29th Aug Late"]
[Site "Chess.com INT"]
[Date "2023.08.29"]
[Round "2"]
[White "Can, Melih Kaan"]
[Black "Gorovets, Andrey"]
[Result "0-1"]
[WhiteElo "2129"]
[BlackElo "2463"]
[PlyCount "68"]
[EventDate "2023.08.29"]
[EventType "swiss (blitz)"]
[EventRounds "11"]
[EventCountry "USA"]
[SourceTitle "EXT 2024"]
[Source "ChessBase"]
[SourceDate "2023.10.10"]
[SourceVersion "1"]
[SourceVersionDate "2023.10.10"]
[SourceQuality "1"]

1. Nf3 d5 2. g3 b5 3. a4 b4 4. Bg2 Bb7 5. 0-0 e6 6. d4 Nf6 7. Nbd2 Nbd7 8. c4 c5 9. Re1 cxd4 10. Nxd4 Nc5 11. cxd5 Bxd5 12. e4 Bb7 13. Nc4 Nfxe4 14. Be3 Be7 15. Qg4 h5 16. Qe2 Rc8 17. Rad1 Bd5 18. Nb5 a6 19. Bxc5 Rxc5 20. Bxe4 axb5 21. axb5 0-0 22. Qxh5 Bxe4 23. Rxd8 Rxd8 24. Qe2 Bd3 25. Qe3 Bxc4 26. b6 Rb5 27. Rc1 Bd5 28. Rd1 Rb8 29. b7 Bf8 30. h4 R5xb7 31. Qd2 Rc8 32. Rc1 Ra8 33. Rd1 Rba7 34. Kh2 Ra1 0-1

[Event "TUR Cup"]
[Site "Denizli"]
[Date "2023.07.18"]
[Round "4"]
[White "Can, Melih Kaan"]
[Black "Dedebas, Emre Emin"]
[Result "0-1"]
[WhiteElo "2104"]
[BlackElo "2305"]
[PlyCount "76"]
[EventDate "2023.07.16"]
[EventType "team-tourn"]
[EventRounds "9"]
[EventCountry "TUR"]
[SourceTitle "CBM 215 Extra"]
[Source "ChessBase"]
[SourceDate "2023.09.30"]
[SourceVersion "1"]
[SourceVersionDate "2023.09.30"]
[SourceQuality "1"]

1. Nf3 d5 2. g3 Nc6 3. Bg2 e5 4. d3 Nf6 5. 0-0 Be7 6. c4 dxc4 7. dxc4 0-0 8. Nc3 Be6 9. Qa4 Nd7 10. Rd1 f6 11. Be3 Qe8 12. Nd5 Nb6 13. Qc2 Rc8 14. a3 Qf7 15. Ne1 Rfd8 16. Nxe7+ Qxe7 17. Bxc6 bxc6 18. Rxd8+ Rxd8 19. b3 Qd7 20. Qc3 Bf5 21. Ng2 Qc8 22. Bc5 Be6 23. Ne3 Nd7 24. Qa5 Qb7 25. Rd1 Re8 26. Bb4 Qb6 27. Qa4 Rb8 28. Rd3 Qb7 29. Qa5 Qb6 30. Qa4 Qb7 31. Rd1 h6 32. h4 Kf7 33. Rb1 h5 34. Kf1 c5 35. Nd5 cxb4 36. axb4 Nb6 37. Qa5 Bxd5 38. cxd5 Qxd5 0-1

[Event "Cesme op-A 9th"]
[Site "Cesme"]
[Date "2023.06.21"]
[Round "4"]
[White "Tarhan, Adar"]
[Black "Can, Melih Kaan"]
[Result "1-0"]
[WhiteElo "2317"]
[BlackElo "2061"]
[PlyCount "69"]
[EventDate "2023.06.19"]
[EventType "swiss"]
[EventRounds "9"]
[EventCountry "TUR"]
[SourceTitle "CBM 214 Extra"]
[Source "ChessBase"]
[SourceDate "2023.07.31"]
[SourceVersion "1"]
[SourceVersionDate "2023.07.31"]
[SourceQuality "1"]

1. e4 e5 2. Nf3 Nc6 3. Bc4 Nf6 4. d3 Bc5 5. 0-0 d6 6. c3 h6 7. a4 a5 8. d4 exd4 9. cxd4 Bb6 10. h3 0-0 11. Re1 Nxe4 12. Rxe4 d5 13. Bxd5 Qxd5 14. Nc3 Qh5 15. d5 Nb4 16. Be3 Bxe3 17. Rxe3 Bd7 18. Re7 Rad8 19. Qe2 Rde8 20. Re1 Rxe7 21. Qxe7 Bxh3 22. Re4 Qg6 23. Nh4 Qg5 24. Qxg5 hxg5 25. Nf3 Bf5 26. Re7 Rc8 27. Nxg5 Bg6 28. Nf3 Kf8 29. d6 cxd6 30. Rxb7 Rc5 31. Nd4 d5 32. Nb3 Rc4 33. Nxa5 Rd4 34. Rb8+ Ke7 35. Rxb4 1-0

[Event "Titled Tuesday intern op 13th Jun Late"]
[Site "Chess.com INT"]
[Date "2023.06.13"]
[Round "3"]
[White "Can, Melih Kaan"]
[Black "Koellner, Ruben Gideon"]
[Result "0-1"]
[WhiteElo "2061"]
[BlackElo "2429"]
[PlyCount "104"]
[EventDate "2023.06.13"]
[EventType "swiss (blitz)"]
[EventRounds "11"]
[EventCountry "USA"]
[SourceTitle "EXT 2024"]
[Source "ChessBase"]
[SourceDate "2023.10.10"]
[SourceVersion "1"]
[SourceVersionDate "2023.10.10"]
[SourceQuality "1"]

1. Nf3 d6 2. g3 Nf6 3. Bg2 g6 4. 0-0 Bg7 5. c4 0-0 6. b3 e5 7. Bb2 Re8 8. d3 c6 9. a3 a5 10. b4 axb4 11. axb4 Rxa1 12. Bxa1 Nbd7 13. Qb3 h6 14. Nbd2 Qc7 15. Rb1 Nf8 16. b5 Bd7 17. bxc6 bxc6 18. h3 Ne6 19. Bc3 Nc5 20. Qb6 Qxb6 21. Rxb6 Na4 22. Rb3 Nxc3 23. Rxc3 e4 24. dxe4 Nxe4 25. Nxe4 Rxe4 26. Rd3 Rxc4 27. Rxd6 Be6 28. Nd2 Rc1+ 29. Kh2 c5 30. Bd5 Bxd5 31. Rxd5 c4 32. Kg2 Rd1 33. e4 c3 34. Nb3 Rxd5 35. exd5 c2 36. d6 Kf8 37. Kf3 Bb2 38. Ke4 Ke8 39. Kd5 c1Q 40. Nxc1 Bxc1 41. Ke5 Bb2+ 42. Kd5 Kd7 43. f4 f5 44. g4 h5 45. gxh5 gxh5 46. h4 Bc3 47. Kc4 Bd2 48. Kd5 Bxf4 49. Kd4 Bxd6 50. Kd5 f4 51. Ke4 Ke6 52. Kf3 Kf5 0-1

[Event "Titled Tuesday intern op 21st Feb Early"]
[Site "Chess.com INT"]
[Date "2023.02.21"]
[Round "5"]
[White "Can, Melih Kaan"]
[Black "Ibadov, Dashgyn"]
[Result "0-1"]
[WhiteElo "2069"]
[BlackElo "2333"]
[PlyCount "68"]
[EventDate "2023.02.21"]
[EventType "swiss (blitz)"]
[EventRounds "11"]
[EventCountry "USA"]
[SourceTitle "CBM 212 Extra"]
[Source "ChessBase"]
[SourceDate "2023.03.31"]
[SourceVersion "1"]
[SourceVersionDate "2023.03.31"]
[SourceQuality "1"]

1. d4 Nf6 2. c4 c5 3. d5 d6 4. Nc3 g6 5. e4 Bg7 6. Be2 0-0 7. Be3 e6 8. Nf3 exd5 9. cxd5 Re8 10. Nd2 Na6 11. 0-0 Nc7 12. a4 b6 13. Bg5 h6 14. Bh4 Ba6 15. Bxa6 Nxa6 16. Re1 Nb4 17. Nc4 a6 18. f4 Qc7 19. e5 dxe5 20. fxe5 Nh5 21. d6 Qc6 22. Ne4 b5 23. axb5 axb5 24. Rxa8 Rxa8 25. d7 bxc4 26. d8Q+ Rxd8 27. Qxd8+ Kh7 28. Nf6+ Bxf6 29. Bxf6 Nxf6 30. exf6 Nd5 31. Re8 g5 32. Rh8+ Kg6 33. Qg8+ Kf5 34. Qxf7 Nf4 0-1

[Event "Titled Tuesday intern op 14th Feb Early"]
[Site "Chess.com INT"]
[Date "2023.02.14"]
[Round "6"]
[White "Can, Melih Kaan"]
[Black "Osuna Vega, Enrique"]
[Result "1-0"]
[WhiteElo "2069"]
[BlackElo "2072"]
[PlyCount "83"]
[EventDate "2023.02.14"]
[EventType "swiss (blitz)"]
[EventRounds "11"]
[EventCountry "USA"]
[SourceTitle "CBM 212 Extra"]
[Source "ChessBase"]
[SourceDate "2023.03.31"]
[SourceVersion "1"]
[SourceVersionDate "2023.03.31"]
[SourceQuality "1"]

1. d4 c6 2. c4 b5 3. cxb5 cxb5 4. e4 Bb7 5. Bd3 a6 6. Nf3 e6 7. 0-0 Nf6 8. Re1 Be7 9. Nbd2 d6 10. Qe2 Nbd7 11. e5 dxe5 12. dxe5 Nd5 13. Ne4 Nc5 14. Nxc5 Bxc5 15. Bg5 Qb6 16. Rad1 h6 17. Bd2 Rd8 18. a3 Ne7 19. Bc3 0-0 20. Bb1 Nd5 21. Qe4 Bxf2+ 22. Kh1 g6 23. Qg4 Kh7 24. Bd2 Bxe1 25. Rxe1 Ne7 26. Bxh6 Bxf3 27. Qh4 Bh5 28. Bxf8 Rxf8 29. Qxe7 Qf2 30. Rg1 Bf3 31. Bxg6+ Kxg6 32. gxf3+ Kh7 33. Qf6 Rg8 34. Qxf7+ Kh6 35. Qxg8 Qxf3+ 36. Qg2 Qxg2+ 37. Rxg2 a5 38. Rc2 Kg6 39. Rc5 b4 40. Rxa5 bxa3 41. bxa3 Kf5 42. Rb5 1-0

[Event "Titled Tuesday intern op 31st Jan Late"]
[Site "Chess.com INT"]
[Date "2023.01.31"]
[Round "2"]
[White "Can, Melih Kaan"]
[Black "Aarav, Dengla"]
[Result "1-0"]
[WhiteElo "2119"]
[BlackElo "2377"]
[PlyCount "169"]
[EventDate "2023.01.31"]
[EventType "swiss (blitz)"]
[EventRounds "11"]
[EventCountry "USA"]
[SourceTitle "CBM 212 Extra"]
[Source "ChessBase"]
[SourceDate "2023.03.31"]
[SourceVersion "1"]
[SourceVersionDate "2023.03.31"]
[SourceQuality "1"]

1. d4 d5 2. c4 e6 3. Nf3 a6 4. g3 dxc4 5. Bg2 Nc6 6. 0-0 Nf6 7. e3 Rb8 8. Qe2 b5 9. b3 cxb3 10. axb3 Bb7 11. Nc3 Bb4 12. Bb2 0-0 13. Rfc1 Qe7 14. Ng5 Na5 15. Bxb7 Rxb7 16. Qc2 c5 17. dxc5 Rc8 18. Nce4 Nxe4 19. Nxe4 Rd7 20. Bc3 Nc6 21. Rxa6 Nb8 22. Ra8 Bxc3 23. Qxc3 f5 24. Nd6 Rxd6 25. cxd6 Rxc3 26. Rxb8+ Kf7 27. dxe7 Rxc1+ 28. Kg2 Kxe7 29. Rxb5 Rb1 30. Rb7+ Kf6 31. h4 h6 32. b4 g5 33. hxg5+ hxg5 34. b5 Rb2 35. b6 g4 36. Rb8 Ke5 37. b7 Rb1 38. Kh2 Ke4 39. Kg2 e5 40. Rc8 Rxb7 41. Rc4+ Kd5 42. Ra4 Ke6 43. Ra5 Kf6 44. Ra6+ Kg5 45. Ra5 Re7 46. Rb5 Re6 47. Ra5 Kf6 48. Rb5 Rd6 49. Ra5 Ke6 50. Rb5 Rc6 51. Ra5 Rb6 52. Rc5 Kd6 53. Ra5 Rc6 54. Rb5 Ra6 55. Rb8 Kd5 56. Rd8+ Ke4 57. Rb8 Kd3 58. Rb3+ Kc4 59. Rb8 Ra5 60. Rd8 Kc3 61. Rd7 Kc2 62. Rf7 e4 63. Rd7 Kc1 64. Rd6 Rc5 65. Rd7 Kc2 66. Rd6 Kc3 67. Rd4 Rb5 68. Rd6 Kc4 69. Rd8 Kc5 70. Rd4 Rb2 71. Rd8 Ra2 72. Rf8 Kc4 73. Rxf5 Kd3 74. Rf4 Ke2 75. Rxg4 Ke1 76. Rf4 Re2 77. g4 Kd2 78. g5 Kd3 79. Kg3 Ra2 80. Kg4 Ra1 81. g6 Rg1+ 82. Kf5 Rg2 83. Kf6 Rg1 84. g7 Rg2 85. Kf7 1-0

[Event "Titled Tuesday intern op 27th Dec Late"]
[Site "Chess.com INT"]
[Date "2022.12.27"]
[Round "6"]
[White "Bochnicka, Vladimir1111"]
[Black "Can, Melih Kaan"]
[Result "1-0"]
[WhiteElo "2367"]
[BlackElo "2098"]
[PlyCount "87"]
[EventDate "2022.12.27"]
[EventType "swiss (blitz)"]
[EventRounds "11"]
[EventCountry "USA"]
[SourceTitle "EXT 2024"]
[Source "ChessBase"]
[SourceDate "2023.10.10"]
[SourceVersion "1"]
[SourceVersionDate "2023.10.10"]
[SourceQuality "1"]

1. e4 e5 2. Nf3 Nc6 3. Bc4 Nf6 4. d3 Bc5 5. c3 d6 6. Nbd2 a6 7. Bb3 Ba7 8. Nf1 Ng4 9. Ne3 0-0 10. Nxg4 Bxg4 11. h3 Bh5 12. 0-0 Kh8 13. g4 Bg6 14. Bg5 Qd7 15. Nh4 Nd8 16. Kh2 Ne6 17. Be3 f6 18. Nxg6+ hxg6 19. Qf3 g5 20. Kg2 Nf4+ 21. Bxf4 gxf4 22. g5 g6 23. h4 Kg7 24. Rh1 Rh8 25. gxf6+ Kxf6 26. d4 Rag8 27. dxe5+ dxe5 28. Rad1 Qh7 29. Qg4 Qh5 30. Qxh5 gxh5+ 31. Bxg8 Rxg8+ 32. Kf3 Bc5 33. Rhg1 Rh8 34. Rg5 Bd6 35. Rf5+ Ke6 36. Rg1 Be7 37. Rg6+ Kd7 38. Rg7 Kd6 39. Rg6+ Kd7 40. Rxe5 Bxh4 41. Rg7+ Kd6 42. Rd5+ Kc6 43. Rg6+ Bf6 44. Rxf6# 1-0

[Event "Titled Tuesday intern op 20th Dec Late"]
[Site "Chess.com INT"]
[Date "2022.12.20"]
[Round "5"]
[White "Can, Melih Kaan"]
[Black "Omelja, Artem"]
[Result "0-1"]
[WhiteElo "2098"]
[BlackElo "2443"]
[PlyCount "68"]
[EventDate "2022.12.20"]
[EventType "swiss (blitz)"]
[EventRounds "11"]
[EventCountry "USA"]
[SourceTitle "EXT 2024"]
[Source "ChessBase"]
[SourceDate "2023.10.10"]
[SourceVersion "1"]
[SourceVersionDate "2023.10.10"]
[SourceQuality "1"]

1. d4 Nf6 2. c4 e6 3. Nc3 d5 4. Nf3 c6 5. e3 Nbd7 6. Qc2 Be7 7. Bd3 0-0 8. 0-0 Re8 9. b3 b6 10. e4 dxe4 11. Nxe4 Bb7 12. Bb2 Nxe4 13. Bxe4 Nf6 14. Bd3 h6 15. Rad1 Qc7 16. Ne5 c5 17. dxc5 Bxc5 18. Rfe1 Rad8 19. h3 a5 20. Qe2 Kf8 21. Bb1 Rxd1 22. Rxd1 Rd8 23. a3 Ke7 24. Ng4 Rxd1+ 25. Qxd1 Qg3 26. Bxf6+ gxf6 27. Qf1 Qxb3 28. Nxh6 Qxa3 29. Ng8+ Kf8 30. Nxf6 Bd4 31. Ne4 f5 32. Ng5 Ke7 33. Qe1 e5 34. Bxf5 Qg3 0-1

[Event "Titled Tuesday intern op 20th Dec Late"]
[Site "Chess.com INT"]
[Date "2022.12.20"]
[Round "3"]
[White "Clawitter, Craig"]
[Black "Can, Melih Kaan"]
[Result "1/2-1/2"]
[WhiteElo "2050"]
[BlackElo "2098"]
[PlyCount "129"]
[EventDate "2022.12.20"]
[EventType "swiss (blitz)"]
[EventRounds "11"]
[EventCountry "USA"]
[SourceTitle "EXT 2024"]
[Source "ChessBase"]
[SourceDate "2023.10.10"]
[SourceVersion "1"]
[SourceVersionDate "2023.10.10"]
[SourceQuality "1"]

1. e4 e5 2. Nf3 Nc6 3. Bb5 a6 4. Ba4 Nf6 5. 0-0 Be7 6. d3 b5 7. Bb3 0-0 8. Nc3 Na5 9. Nxe5 Nxb3 10. axb3 Bb7 11. Ng4 d5 12. Nxf6+ Bxf6 13. Nxd5 Bxd5 14. exd5 Qxd5 15. b4 Rfe8 16. c3 c5 17. bxc5 Qxc5 18. Be3 Qd5 19. Re1 Red8 20. d4 a5 21. Bf4 a4 22. Be5 Bxe5 23. Rxe5 Qxe5 24. dxe5 Rxd1+ 25. Rxd1 Kf8 26. f4 a3 27. bxa3 Rxa3 28. Rd5 Rxc3 29. Rxb5 Rc2 30. Rb7 h5 31. h4 g6 32. Kh2 Rc3 33. g3 Rc2+ 34. Kg1 Re2 35. Kf1 Rc2 36. Rd7 Rb2 37. Ke1 Rg2 38. Rd3 Ke7 39. Kf1 Ra2 40. Ke1 Ra6 41. Kf2 Ke6 42. Kf3 Kf5 43. Rd7 Ra3+ 44. Kf2 Ke6 45. Rd6+ Ke7 46. Rb6 Rc3 47. Rb7+ Ke6 48. Ra7 Rb3 49. Kg2 Rb2+ 50. Kf3 Rb4 51. Ra6+ Ke7 52. Ra7+ Ke6 53. Ra6+ Kd7 54. Rf6 Ke7 55. Ra6 Rb3+ 56. Kf2 Rb2+ 57. Kf3 Rb3+ 58. Kf2 Rc3 59. Ra7+ Ke6 60. Ra6+ Kd5 61. Rf6 Rc7 62. Kf3 Rc3+ 63. Kf2 Rc7 64. Kf3 Rc3+ 65. Kf2 1/2-1/2

[Event "Titled Tuesday intern op 20th Dec Late"]
[Site "Chess.com INT"]
[Date "2022.12.20"]
[Round "4"]
[White "Smith, Garrett L"]
[Black "Can, Melih Kaan"]
[Result "0-1"]
[WhiteElo "2047"]
[BlackElo "2098"]
[PlyCount "46"]
[EventDate "2022.12.20"]
[EventType "swiss (blitz)"]
[EventRounds "11"]
[EventCountry "USA"]
[SourceTitle "EXT 2024"]
[Source "ChessBase"]
[SourceDate "2023.10.10"]
[SourceVersion "1"]
[SourceVersionDate "2023.10.10"]
[SourceQuality "1"]

1. e4 e5 2. Nf3 Nc6 3. Bc4 Nf6 4. Ng5 d5 5. exd5 Na5 6. Bb5+ c6 7. dxc6 bxc6 8. Bd3 Nd5 9. Nf3 Bd6 10. 0-0 Nf4 11. Re1 Nxd3 12. cxd3 0-0 13. Nxe5 Re8 14. Nc4 Nxc4 15. Rxe8+ Qxe8 16. dxc4 Bg4 17. f3 Qe5 18. g3 Bh3 19. d4 Qe6 20. c5 Re8 21. Bd2 Qd5 22. cxd6 Qxd4+ 23. Kh1 Qf2 0-1

[Event "Titled Tuesday intern op 15th Nov Late"]
[Site "Chess.com INT"]
[Date "2022.11.15"]
[Round "1"]
[White "Rorrer, Grayson"]
[Black "Can, Melih Kaan"]
[Result "0-1"]
[WhiteElo "2230"]
[BlackElo "2093"]
[PlyCount "78"]
[EventDate "2022.11.15"]
[EventType "swiss (blitz)"]
[EventRounds "11"]
[EventCountry "USA"]
[SourceTitle "CBM 211 Extra"]
[Source "ChessBase"]
[SourceDate "2023.01.31"]
[SourceVersion "1"]
[SourceVersionDate "2023.01.31"]
[SourceQuality "1"]

1. e4 c5 2. Nf3 Nc6 3. Bb5 d6 4. 0-0 Bd7 5. Re1 Nf6 6. c3 a6 7. Bf1 Bg4 8. d4 cxd4 9. cxd4 e5 10. d5 Nd4 11. Be3 Nxf3+ 12. gxf3 Bd7 13. Nd2 Be7 14. Qb3 b5 15. a4 bxa4 16. Qa3 0-0 17. Nc4 Rb8 18. Be2 Rb3 19. Qa2 Nh5 20. Bd1 Rb4 21. Bd2 Rb8 22. Bxa4 Bg5 23. Bxd7 Bxd2 24. Nxd2 Qxd7 25. Qxa6 Rxb2 26. Nc4 Rc2 27. Qxd6 Qh3 28. Ne3 Nf4 29. Qxe5 Qxf3 30. Qxf4 Qxf4 31. Nxc2 Qg4+ 32. Kh1 Qf3+ 33. Kg1 Rc8 34. Nd4 Qg4+ 35. Kh1 h5 36. f3 Qf4 37. Rad1 h4 38. Re2 h3 39. Rg1 Rc4 0-1

[Event "Titled Tuesday intern op 18th Oct Late"]
[Site "Chess.com INT"]
[Date "2022.10.18"]
[Round "11"]
[White "Can, Melih Kaan"]
[Black "Ezat, Mohamed Mahmoud"]
[Result "0-1"]
[WhiteElo "2093"]
[BlackElo "2391"]
[PlyCount "92"]
[EventDate "2022.10.18"]
[EventType "swiss (blitz)"]
[EventRounds "11"]
[EventCountry "USA"]
[SourceTitle "EXT 2024"]
[Source "ChessBase"]
[SourceDate "2023.10.10"]
[SourceVersion "1"]
[SourceVersionDate "2023.10.10"]
[SourceQuality "1"]

1. d4 Nf6 2. c4 e6 3. Nc3 d5 4. cxd5 Nxd5 5. e4 Nxc3 6. bxc3 c5 7. Nf3 cxd4 8. cxd4 Bb4+ 9. Bd2 Bxd2+ 10. Qxd2 0-0 11. Bd3 Nc6 12. e5 Qa5 13. Qxa5 Nxa5 14. 0-0 b6 15. Be4 Rb8 16. d5 Bb7 17. Rfd1 Rfd8 18. Rac1 exd5 19. Bf5 g6 20. Bd3 Rbc8 21. Nd4 Rc5 22. e6 Kf8 23. f4 Rdc8 24. Rb1 Nc6 25. Nxc6 R8xc6 26. exf7 Kxf7 27. f5 g5 28. Be2 Rc2 29. Bf3 R6c5 30. a4 Kf6 31. g4 h5 32. h3 R5c3 33. Bxd5 Rg3+ 34. Kf1 Ba6+ 35. Rb5 Bxb5+ 36. axb5 Rxh3 37. gxh5 Kxf5 38. Re1 Rd2 39. Be4+ Kf4 40. Bg2 Re3 41. Ra1 Kg3 42. Bc6 Red3 43. Ke1 Rf2 44. Rxa7 Re3+ 45. Kd1 Rb3 46. Ke1 Rb1# 0-1

[Event "Titled Tuesday intern op 18th Oct Late"]
[Site "Chess.com INT"]
[Date "2022.10.18"]
[Round "1"]
[White "Can, Melih Kaan"]
[Black "Gabrielian, Artur"]
[Result "0-1"]
[WhiteElo "2093"]
[BlackElo "2460"]
[PlyCount "80"]
[EventDate "2022.10.18"]
[EventType "swiss (blitz)"]
[EventRounds "11"]
[EventCountry "USA"]
[SourceTitle "EXT 2024"]
[Source "ChessBase"]
[SourceDate "2023.10.10"]
[SourceVersion "1"]
[SourceVersionDate "2023.10.10"]
[SourceQuality "1"]

1. e4 c5 2. Nf3 d6 3. c3 Nf6 4. h3 g6 5. Bd3 Bg7 6. Bc2 0-0 7. 0-0 e5 8. d4 cxd4 9. cxd4 exd4 10. Nxd4 d5 11. e5 Ne4 12. Bf4 Qb6 13. Nc3 Nxc3 14. bxc3 Nc6 15. Re1 Be6 16. Rb1 Qc7 17. Qe2 a6 18. Bd3 Rac8 19. Qe3 Rfe8 20. Nf3 b5 21. Bh6 Qa7 22. Qg5 Qe7 23. Qf4 Na5 24. Bxg7 Kxg7 25. Rec1 Nc4 26. Nd4 Bd7 27. Bxc4 Rxc4 28. Re1 Be6 29. Qd2 Rec8 30. Re3 Qc7 31. Rc1 b4 32. Nxe6+ fxe6 33. Rg3 Qxe5 34. Re3 Qf6 35. Qe2 R4c6 36. c4 dxc4 37. Rd1 R8c7 38. g3 c3 39. Qc2 Qf5 40. Qb3 Rf7 0-1